Datum a čas kvízu
21
Celkem bodů
Celkový počet nahraných bodů na tomto kvízu bez doplňovacích otázek.
10.
Pořadí na kvízu
Konečné umístění týmu na tomto kvízu.
Zaznamenané odpovědi
| # | Otázka | Odpověď | Body | Výsledky |
|---|---|---|---|---|
| 1. | Dálnice D35 byla od pondělka t... | traktor | 1 | |
| 2. | Astronautům vracejícím se v mo... | Porouchaný záchod. | 1 | |
| 3. | Streamovací platforma Netflix... | Stranger Things | 0 | |
| 4. | Český internetový prodejce, je... | Notino | 0 | |
| 5. | Rychlobruslařka Martina Sáblík... | Jiří Stanislav Guth-Jarkovský | 0 | |
| 6. | Podíváme se mezi lékaře, kteří... | Sám sobě vyoperoval slepé střevo (a přežil). | 0 | |
| 7. | Tento český kardiochirurg dosá... | Jan Pirk | 0 | |
| 8. | Jednou z postav seriálu Futura... | Zoidberg | 0 | |
| 9. | Velkou tradici drží již po tři... | Vladimír Beneš | 0 | |
| 10. | Chirurga Benjamina Franklina „... | Woody Allen | 0 |